La Festa de Sant Jordi a les escoles catalanes de la Casa de Caritat
Descripción Física:
82 p. : il. ; 27 cm
MARC
| LEADER | 00000nam a2200000Ia 4500 | ||
|---|---|---|---|
| 001 | 10393 | ||
| 008 | 160829s1919 xx 000 0 cat d | ||
| 080 | |a M-1-210 | ||
| 245 | |a La Festa de Sant Jordi a les escoles catalanes de la Casa de Caritat | ||
| 260 | |a Barcelona : |b [Casa de Caritat], |c 1919 | ||
| 300 | |a 82 p. : |b il. ; |c 27 cm | ||
| 650 | 0 | |a Diada de Sant Jordi |9 33552 | |
| 650 | |a Poesia d'alumnes catalana |x Barcelona |9 31857 | ||
| 650 | |a Prosa d'alumnes catalana |x Barcelona |9 31858 | ||
| 710 | |a Casa de Caritat (Barcelona, Catalunya) |9 52406 | ||
| 901 | |a Arxiu | ||
| 942 | |n 1 | ||
| 952 | |0 0 |1 0 |4 0 |6 M1210 |7 1 |9 45779 |a Arxiu |b Arxiu |d 2016-12-01 |l 0 |o M-1-210 |p 10393 |r 2016-12-01 00:00:00 |w 2016-12-01 |y ARXIU | ||
| 999 | |c 49279 |d 49279 | ||